Statistics for Fast typing - Lorem Ipsum (15s)

Click here to take the quiz!

General Stats

  • This quiz has been taken 55 times
  • The average score is 8 of 25

Answer Stats

TextAnswer% Correct
ametamet
100%
dolordolor
100%
ipsumipsum
100%
LoremLorem
100%
sitsit
100%
consecteturconsectetur
74%
adipiscingadipiscing
48%
elitelit
48%
pellentesquepellentesque
30%
habitanthabitant
22%
morbimorbi
13%
etet
4%
netusnetus
4%
senectussenectus
4%
tristiquetristique
4%
acac
0%
aliquetaliquet
0%
egestasegestas
0%
egeteget
0%
estest
0%
etet
0%
famesfames
0%
integerinteger
0%
malesuadamalesuada
0%
turpisturpis
0%

Score Distribution

Percentile by Number Answered

Percent of People with Each Score

Your Score History

You have not taken this quiz